| 000 | 01290pab a2200169 454500 | ||
|---|---|---|---|
| 008 | 180718b2013 xxu||||| |||| 00| 0 eng d | ||
| 100 | _aVinod Kumar | ||
| 245 | _aDisasters in Himachal Pradesh and main mitigation strategies for disasters | ||
| 260 | _c2013 | ||
| 300 | _ap.139-157. | ||
| 362 | _aJan-Mar | ||
| 520 | _aThe state of Himachal Pradesh has been facing widespread and extensive damages almost every year because of natural calamities, unprecedented drought situation, excessive rains, snow and flash flood due to cloud burst, etc. which have been taking its toll on human lives, cattle heads, destruction of public utilities, roads, bridges, footpaths, culverts, landslides and washing away of drinking water supply and irrigation schemes and damage to public and private properties making a deep dent into the already fragile economy of the state. The losses sustained are so severe that relief and restoration operations without adequate financial resources are not possible despite best efforts of the state to cope up with the emergent situation out of the available scanty resources. - Reproduced. | ||
| 650 | _aDisaster prevention - India - Himachal Pradesh | ||
| 650 | _aDisaster prevention | ||
| 773 | _aIndian Journal of Public Administration | ||
| 909 | _a115510 | ||
| 999 |
_c115504 _d115504 |
||